000 01006nam a22002537a 4500
008 090115t xxu||||| |||| 00| 0 eng d
010 _aENG-92528
020 _a9788176472043
_c300.00
035 _aEN-76061
037 _bDBAD / PUB
040 _adpl
_bEnglish
082 _a230.36
245 _aLife is, death is not /
_ccompiled and editd by Satjit Wadva
260 _aLudhiana
_bLahore Book Shop
_c2008
270 _a2, Lajpat Rai Market, Near Society Cinema,
_bLudhiana
300 _a160p.
_c22cm (Hb)
520 _aComprises views of various religions on death; includes personal experiences of writers on death.
650 _aDeath
_xReligious aspects.
650 _aDeath
_xPersonal narratives.
651 _aIndia
_xReligion.
700 _aWadva, Satjit
942 _2ddc
_cEN
_mLIF
_h230.36
999 _c21035
_d21035